|
|
|
|
| LEADER |
00000nam0a2200000 4500 |
| 001 |
292094 |
| 005 |
20231102000448.0 |
| 010 |
|
|
|a 9785406040898
|
| 035 |
|
|
|a (RuTPU)RU\TPU\book\316707
|
| 090 |
|
|
|a 292094
|
| 100 |
|
|
|a 20150420d2015 m y0rusy50 ca
|
| 101 |
0 |
|
|a rus
|
| 102 |
|
|
|a RU
|
| 105 |
|
|
|a a j 001zy
|
| 200 |
1 |
|
|a Организационно-экономическое моделирование. Теория принятия решений
|e учебник для вузов
|f А. И. Орлов
|
| 210 |
|
|
|a Москва
|c КноРус
|d 2015
|
| 215 |
|
|
|a 568 с.
|c ил.
|
| 320 |
|
|
|a Библиогр.: с. 562-568.
|
| 330 |
|
|
|a Представлены теория п практика разработки управленческих решений на основе организационно-экономического моделирования. Рассмотрены основы теории, технология и процедуры разработки и принятия управленческих решений. Разобраны оптимизационные и вероятностно-статистические методы принятия решений. Большое внимание уделено экспертным технологиям. Представлены основы моделирования при принятии решений и анализ ряда конкретных организационно-экономических моделей. 1 [риведены как традиционные, так и недавно разработанные методы принятия решений, даны примеры их применения для решения практических задач.Для студентов и преподавателей вузов, слушателей бизнес-школ, программ МНЛ, институтов повышения квалификации и структур второго образования, менеджеров, экономистов, инженеров, научных и практических работников, связанных с принятием решений на основе анализа экономических и управленческих данных.
|
| 606 |
1 |
|
|a Принятие решений
|x Математическая теория
|x Экономика
|2 stltpush
|3 (RuTPU)RU\TPU\subj\36708
|9 57998
|
| 610 |
1 |
|
|a организационное моделирование
|
| 610 |
1 |
|
|a экономическое моделирование
|
| 610 |
1 |
|
|a теория
|
| 610 |
1 |
|
|a методы
|
| 610 |
1 |
|
|a управление
|
| 610 |
1 |
|
|a математические методы
|
| 610 |
1 |
|
|a оптимизация
|
| 610 |
1 |
|
|a регрессия
|
| 610 |
1 |
|
|a корреляция
|
| 610 |
1 |
|
|a прогнозирование
|
| 610 |
1 |
|
|a индексы
|
| 610 |
1 |
|
|a цены
|
| 610 |
1 |
|
|a экспертные оценки
|
| 610 |
1 |
|
|a экспертный метод
|
| 610 |
1 |
|
|a экспертные оценки
|
| 610 |
1 |
|
|a экспертные комиссии
|
| 610 |
1 |
|
|a измерения
|
| 610 |
1 |
|
|a метод средних оценок
|
| 610 |
1 |
|
|a метод средних рангов
|
| 610 |
1 |
|
|a экономический анализ
|
| 610 |
1 |
|
|a парные сравнения
|
| 610 |
1 |
|
|a бинарные данные
|
| 610 |
1 |
|
|a рейтинги
|
| 610 |
1 |
|
|a управленческие решения
|
| 610 |
1 |
|
|a экономико-математические модели
|
| 610 |
1 |
|
|a качество
|
| 610 |
1 |
|
|a учебники
|
| 686 |
|
|
|a Ув631я73
|v LBC/SL-A
|2 rubbk
|
| 700 |
|
1 |
|a Орлов
|b А. И.
|g Александр Иванович
|
| 801 |
|
1 |
|a RU
|b 63413507
|c 20150420
|
| 801 |
|
2 |
|a RU
|b 63413507
|c 20220831
|g RCR
|
| 900 |
|
|
|a Основы теории управления
|
| 900 |
|
|
|a Методы принятия управленческих решений
|
| 900 |
|
|
|a Теория принятия решений
|
| 900 |
|
|
|a Экспертные системы в экономике
|
| 900 |
|
|
|a Управленческие решения
|
| 900 |
|
|
|a Экономико-математическое моделирование
|
| 942 |
|
|
|c BK
|
| 951 |
|
|
|l 8
|
| 959 |
|
|
|a 55/20150420
|d 1
|e 400,00
|f ЧЗГЛ:1
|